[Event "CZE-chT1W 1314"]
[Site "Czech Republic"]
[Date "2014.03.16"]
[Round "9.6"]
[White "Braun, Marek"]
[Black "Adamek, Zdenek"]
[Result "1/2-1/2"]
[WhiteElo "2229"]
[BlackElo "2227"]
[PlyCount "129"]
[EventDate "2013.10.20"]
[EventType "team-tourn"]
[EventRounds "11"]
[EventCountry "CZE"]
[SourceTitle "EXT 2015"]
[Source "ChessBase"]
[SourceDate "2014.11.20"]
[SourceVersion "1"]
[SourceVersionDate "2014.11.20"]
[SourceQuality "1"]
[WhiteTeam "Novoborsky II"]
[BlackTeam "Praha Holdia II"]
[WhiteTeamCountry "CZE"]
[BlackTeamCountry "CZE"]

1. d4 Nf6 2. g3 g6 3. Bg2 Bg7 4. Nf3 0-0 5. 0-0 d5 6. Nc3 Bf5 7. Bf4 Nbd7 8. Ne5 c6 9. Qd2 Nxe5 10. Bxe5 Qd7 11. Rfd1 Rad8 12. a4 Qc8 13. Rac1 h5 14. b4 Kh7 15. f3 Qe6 16. Re1 Bh3 17. Rcd1 Bxg2 18. Kxg2 b6 19. Bf4 Qd7 20. Qd3 Ne8 21. e4 Nc7 22. Ne2 Ne6 23. c3 Nxf4+ 24. Nxf4 e6 25. exd5 cxd5 26. Nxh5 Qxa4 27. Ra1 Qd7 28. h4 Rc8 29. Nf4 Bh6 30. Ne2 f5 31. f4 Bg7 32. Ng1 Bf6 33. Re3 Kg7 34. Qe2 Rfe8 35. Re1 Rc4 36. Qa2 Re7 37. Qa6 Qc8 38. Qxc8 Rxc8 39. Ra1 Kf7 40. Kf3 Rec7 41. Ne2 a5 42. bxa5 Ra7 43. a6 Rca8 44. Rd3 Rxa6 45. Rb1 Bd8 46. Rd2 Ra2 47. Ke3 Rxd2 48. Kxd2 Ra2+ 49. Kd3 Ke7 50. Nc1 Ra3 51. Kc2 Bc7 52. Kb2 Bd6 53. Kc2 Bc7 54. Nd3 Ra2+ 55. Rb2 Ra1 56. Nc1 Kd7 57. Ra2 Rxa2+ 58. Nxa2 Bd6 59. Nc1 b5 60. Nd3 Kc7 61. Kb3 Kc6 62. Ne1 Kc7 63. Nf3 Kd7 64. Ng5 Ke7 65. Nf3 1/2-1/2

[Event "CZE-chT1W 1314"]
[Site "Czech Republic"]
[Date "2014.01.26"]
[Round "6.6"]
[White "Adamek, Zdenek"]
[Black "Fajman, Petr"]
[Result "1/2-1/2"]
[WhiteElo "2227"]
[BlackElo "2267"]
[PlyCount "68"]
[EventDate "2013.10.20"]
[EventType "team-tourn"]
[EventRounds "11"]
[EventCountry "CZE"]
[SourceTitle "EXT 2015"]
[Source "ChessBase"]
[SourceDate "2014.11.20"]
[SourceVersion "1"]
[SourceVersionDate "2014.11.20"]
[SourceQuality "1"]
[WhiteTeam "Praha Holdia II"]
[BlackTeam "Praha Mahrla"]
[WhiteTeamCountry "CZE"]
[BlackTeamCountry "CZE"]

1. d4 f5 2. g3 Nf6 3. Bg2 g6 4. Nf3 Bg7 5. 0-0 0-0 6. b3 d6 7. Bb2 Ne4 8. Nbd2 e6 9. c4 Nd7 10. Qc2 Ndf6 11. Rad1 Bd7 12. Nxe4 Nxe4 13. Ne1 d5 14. Nd3 g5 15. Ne5 Be8 16. Ba3 Rf6 17. f3 Nd6 18. cxd5 exd5 19. f4 Ne4 20. fxg5 Ra6 21. Bc1 Bg6 22. Bf4 Rc8 23. h4 Qe7 24. Bxe4 dxe4 25. Qc4+ Kh8 26. Rd2 Bh5 27. Rc1 h6 28. Qc5 Qe8 29. Nc4 Rc6 30. Qxf5 Bg6 31. Qb5 a6 32. Qxb7 Rb8 33. Qa7 Ra8 34. Qb7 Rb8 1/2-1/2